[Event "16. Torneo San Viator"]
[Site "Madrid ESP"]
[Date "2016.04.17"]
[Round "3.7"]
[White "Perdomo Araujo, Angel Eduardo"]
[Black "Flores Vidal, Pablo"]
[Result "1-0"]
[WhiteElo "2060"]
[BlackElo "1746"]
[PlyCount "83"]
[EventDate "2016.04.03"]
[EventType "swiss"]
[EventRounds "9"]
[EventCountry "ESP"]
[Source "lmi"]
[SourceDate "2016.04.03"]

1. e4 e6 2. d4 d5 3. Nd2 c5 4. exd5 exd5 5. Ngf3 Nf6 6. Be2 Nc6 7. O-O Bd6 8.
dxc5 Bxc5 9. Nb3 Bb6 10. Bg5 O-O 11. c3 Re8 12. Re1 Bxf2+ 13. Kxf2 Ne4+ 14. Kg1
Nxg5 15. Nxg5 Qxg5 16. Bf3 Be6 17. Nc5 b6 18. Nd3 Rad8 19. Qa4 Bd7 20. Qb3 d4
21. Bd5 Rf8 22. Qc4 Na5 23. Qxd4 Be6 24. Re5 Qd2 25. Qe4 Bxd5 26. Rxd5 Rxd5 27.
Qxd5 Qe3+ 28. Kh1 Re8 29. h3 Qe4 30. Re1 Qa4 31. Ne5 Rf8 32. b4 Nb7 33. Qxb7
Qxa2 34. Qe7 f6 35. Nf3 g5 36. Nd4 Qf2 37. Qe6+ Kg7 38. Ra1 Rf7 39. Nf5+ Kg6
40. Nd6 Rc7 41. Qe4+ Kg7 42. Ne8+ 1-0

[Event "16. Torneo San Viator"]
[Site "Madrid ESP"]
[Date "2016.04.17"]
[Round "3.8"]
[White "Del Noval Nemeshazi, Nesztor"]
[Black "Ruperez Benito, Antonio"]
[Result "0-1"]
[WhiteElo "1920"]
[BlackElo "2236"]
[PlyCount "88"]
[EventDate "2016.04.03"]
[EventType "swiss"]
[EventRounds "9"]
[EventCountry "ESP"]
[Source "lmi"]
[SourceDate "2016.04.03"]

1. e4 e6 2. d4 d5 3. Nc3 Bb4 4. a3 Bxc3+ 5. bxc3 dxe4 6. Qg4 Nf6 7. Qxg7 Rg8 8.
Qh6 c5 9. Ne2 Nbd7 10. h3 Qa5 11. Bd2 Qa4 12. dxc5 Rg6 13. Qe3 e5 14. Ng3 h5
15. c4 Qc6 16. Bc3 b6 17. cxb6 axb6 18. Bb4 Nc5 19. Qc3 Qc7 20. Rd1 Be6 21. h4
Rc8 22. Be2 Na4 23. Qb3 Nc5 24. Qc3 Ng4 25. Bxc5 bxc5 26. Nxe4 Kf8 27. Ng5 Re8
28. Nxe6+ Rexe6 29. Bxg4 Rxg4 30. g3 Re4+ 31. Kf1 Rd4 32. Rxd4 cxd4 33. Qb4+
Kg7 34. Ke2 e4 35. c5 Qe5 36. Rd1 d3+ 37. Kd2 e3+ 38. Kxd3 Qf5+ 39. Kc3 Re4 40.
Qb7 Qxc5+ 41. Kb2 Qe5+ 42. Ka2 exf2 43. Rf1 Re1 44. Qg2 Qa1+ 0-1

[Event "16. Torneo San Viator"]
[Site "Madrid ESP"]
[Date "2016.04.17"]
[Round "3.9"]
[White "Cardena Contreras, Javier"]
[Black "Tarrio Ocana, Jose Manuel"]
[Result "1-0"]
[WhiteElo "1962"]
[BlackElo "1829"]
[PlyCount "75"]
[EventDate "2016.04.03"]
[EventType "swiss"]
[EventRounds "9"]
[EventCountry "ESP"]
[Source "lmi"]
[SourceDate "2016.04.03"]

1. e4 e6 2. b3 d5 3. Bb2 d4 4. f4 c5 5. Nf3 Nf6 6. Bd3 Nc6 7. a3 Be7 8. O-O Qc7
9. c4 e5 10. f5 b6 11. Qe2 Bb7 12. Ng5 h6 13. Nh3 O-O-O 14. Bc2 Rhg8 15. d3 g5
16. g3 g4 17. Nf2 h5 18. Bc1 Rh8 19. Bg5 Rdg8 20. Bh4 Nh7 21. Bxe7 Qxe7 22. Nh1
Ng5 23. Nd2 f6 24. Kf2 Nf7 25. Rg1 Nd6 26. Ke1 Qg7 27. Nf1 Ne7 28. Nd2 Rd8 29.
Nf2 Rdg8 30. b4 Nc6 31. bxc5 bxc5 32. Nb3 h4 33. Nxc5 hxg3 34. hxg3 Rh2 35. Ba4
Qc7 36. Qd2 Rgh8 37. Rb1 Na5 38. Bd7+ 1-0

[Event "16. Torneo San Viator"]
[Site "Madrid ESP"]
[Date "2016.04.17"]
[Round "3.10"]
[White "Casas Rios, Ramon"]
[Black "Lozano Freras, Sergio"]
[Result "0-1"]
[WhiteElo "1825"]
[BlackElo "1925"]
[PlyCount "92"]
[EventDate "2016.04.03"]
[EventType "swiss"]
[EventRounds "9"]
[EventCountry "ESP"]
[Source "lmi"]
[SourceDate "2016.04.03"]

1. Nf3 d5 2. g3 c5 3. Bg2 Nc6 4. d4 Nf6 5. O-O e6 6. c4 cxd4 7. Nxd4 Bc5 8. Nb3
Bb6 9. cxd5 exd5 10. Bg5 O-O 11. Nc3 Be6 12. Nb5 h6 13. Bf4 Qd7 14. Bd6 Ne7 15.
Bxe7 Qxe7 16. Qd3 Rac8 17. N3d4 a6 18. Nc3 Qb4 19. Rfd1 Bxd4 20. Qxd4 Qxb2 21.
Nxd5 Qxd4 22. Ne7+ Kh8 23. Rxd4 Rc7 24. Nd5 Bxd5 25. Bxd5 Rd8 26. Rad1 Rcd7 27.
e4 Nxe4 28. Rxe4 Rxd5 29. Rde1 g6 30. R1e2 Kg7 31. Rb4 R8d7 32. Kf1 Rd1+ 33.
Kg2 R1d2 34. Rb2 Rxe2 35. Rxe2 Rd3 36. Kf1 Kf6 37. Ke1 b5 38. Rc2 Ra3 39. Re2
a5 40. Kf1 b4 41. Kg2 a4 42. Rb2 b3 43. axb3 Rxb3 44. Ra2 a3 45. Kf1 Ke5 46.
Kg2 Kd4 0-1

[Event "16. Torneo San Viator"]
[Site "Madrid ESP"]
[Date "2016.04.17"]
[Round "3.12"]
[White "Perez Gonzalez, Daniel"]
[Black "Mena Corrochano, Alberto"]
[Result "0-1"]
[WhiteElo "1849"]
[BlackElo "2121"]
[PlyCount "64"]
[EventDate "2016.04.03"]
[EventType "swiss"]
[EventRounds "9"]
[EventCountry "ESP"]
[Source "lmi"]
[SourceDate "2016.04.03"]

1. e4 c5 2. Nf3 Nf6 3. Nc3 d5 4. exd5 Nxd5 5. Nxd5 Qxd5 6. c4 Qd6 7. d4 g6 8.
Be3 Bg7 9. b3 Bg4 10. Be2 Bxf3 11. Bxf3 cxd4 12. Rc1 Nc6 13. Bd2 O-O 14. O-O
Qd7 15. Re1 Ne5 16. Bb4 Nxf3+ 17. Qxf3 Rfe8 18. Qd5 Rad8 19. f4 e6 20. Qe4 e5
21. Qd5 Qxd5 22. cxd5 Rxd5 23. Rc7 e4 24. Rxe4 Rxe4 25. Rc8+ Bf8 26. Bxf8 f5
27. Bb4+ Kf7 28. Rc7+ Ke8 29. Rxb7 Rd7 30. Rb8+ Rd8 31. Rb7 d3 32. Rxh7 Rxb4
0-1

[Event "16. Torneo San Viator"]
[Site "Madrid ESP"]
[Date "2016.04.17"]
[Round "3.13"]
[White "Garcia Bartolome, Sergio"]
[Black "Campos Tores, Jose Luis"]
[Result "1/2-1/2"]
[WhiteElo "2091"]
[BlackElo "1813"]
[PlyCount "98"]
[EventDate "2016.04.03"]
[EventType "swiss"]
[EventRounds "9"]
[EventCountry "ESP"]
[Source "lmi"]
[SourceDate "2016.04.03"]

1. e4 c5 2. d4 cxd4 3. c3 dxc3 4. Nxc3 Nc6 5. Nf3 e6 6. Bc4 Qc7 7. Qe2 Nf6 8.
O-O Ng4 9. h3 Nd4 10. hxg4 Nxe2+ 11. Bxe2 a6 12. e5 b5 13. Be3 Bb7 14. Rac1 Qb8
15. Rfd1 Bb4 16. a3 Be7 17. Nxb5 axb5 18. Rxd7 Kxd7 19. Bxb5+ Bc6 20. Bxc6+ Kd8
21. Nd4 Ra6 22. Bb5 Rb6 23. a4 Bb4 24. Nc6+ Rxc6 25. Rxc6 Qxe5 26. g5 Ke7 27.
Bb6 Ra8 28. g3 Qxg5 29. Rc7+ Kf8 30. Bc6 Rd8 31. Kg2 g6 32. Bf3 h5 33. Rc4 Qd2
34. Bxd8 Qxb2 35. a5 Qd2 36. Bf6 Kg8 37. Rc8+ Bf8 38. a6 Qd7 39. Bb7 h4 40.
gxh4 Qa4 41. Kg3 Qa3+ 42. f3 Qd6+ 43. Kh3 Qf4 44. Bg5 Qf5+ 45. Kg3 Kg7 46. Rxf8
Qe5+ 47. Kh3 Qf5+ 48. Kg3 Qe5+ 49. Kh3 Qf5+ 1/2-1/2

[Event "16. Torneo San Viator"]
[Site "Madrid ESP"]
[Date "2016.04.17"]
[Round "3.14"]
[White "Barahona Torrijos, Angel"]
[Black "Julian Serra, Rogelio"]
[Result "1-0"]
[WhiteElo "1804"]
[BlackElo "2039"]
[PlyCount "81"]
[EventDate "2016.04.03"]
[EventType "swiss"]
[EventRounds "9"]
[EventCountry "ESP"]
[Source "lmi"]
[SourceDate "2016.04.03"]

1. e4 d5 2. Nc3 d4 3. Nce2 c5 4. Ng3 Nc6 5. Bc4 Nf6 6. Nf3 e6 7. d3 b5 8. Bb3
Qc7 9. a4 Na5 10. axb5 Nxb3 11. cxb3 Bd7 12. e5 Nd5 13. Bd2 Bxb5 14. Ba5 Qb7
15. Qd2 Bc6 16. O-O Rb8 17. Rfc1 Nb6 18. Ne1 Nd7 19. f4 Qxb3 20. Bc7 Rb7 21.
Ra3 Qd5 22. Qa5 Rxb2 23. Ne4 Be7 24. Bd6 f5 25. exf6 Bxd6 26. fxg7 Rg8 27. Qxa7
Rxg7 28. Nf6+ Nxf6 29. Qxg7 Qf5 30. Rca1 Bxf4 31. Qh8+ Ke7 32. Ra7+ Nd7 33.
Qg7+ Kd6 34. Nf3 Be3+ 35. Kh1 Rxg2 36. Rxd7+ Bxd7 37. Qxg2 Bc6 38. Ra6 Qxd3 39.
Rxc6+ Kxc6 40. Ne5+ Kb5 41. Qc6+ 1-0

[Event "16. Torneo San Viator"]
[Site "Madrid ESP"]
[Date "2016.04.17"]
[Round "3.15"]
[White "Vaquerizo Calvo, Miguel A"]
[Black "Marcos Herrero, Francisco"]
[Result "0-1"]
[WhiteElo "1797"]
[BlackElo "1978"]
[PlyCount "58"]
[EventDate "2016.04.03"]
[EventType "swiss"]
[EventRounds "9"]
[EventCountry "ESP"]
[Source "lmi"]
[SourceDate "2016.04.03"]

1. e4 c5 2. Nf3 Nc6 3. d4 cxd4 4. Nxd4 g6 5. Nc3 Nf6 6. Nxc6 dxc6 7. Qxd8+ Kxd8
8. Bc4 Ke8 9. a4 h5 10. O-O Bg7 11. h3 Be6 12. Bxe6 fxe6 13. Be3 Nd7 14. f4 Nb6
15. Bxb6 Bxc3 16. bxc3 axb6 17. e5 Kd7 18. Rf3 Ra5 19. Rd3+ Rd5 20. c4 Rxd3 21.
cxd3 Ra8 22. Kf2 b5 23. cxb5 cxb5 24. Rb1 bxa4 25. Rxb7+ Kc6 26. Rb1 a3 27. Ke2
a2 28. Ra1 Kb5 29. Kd2 Kb4 0-1

[Event "16. Torneo San Viator"]
[Site "Madrid ESP"]
[Date "2016.04.17"]
[Round "3.16"]
[White "Martin Lozano, Miguel Angel"]
[Black "Jordana Vargas, Julio"]
[Result "0-1"]
[WhiteElo "1777"]
[BlackElo "1973"]
[PlyCount "56"]
[EventDate "2016.04.03"]
[EventType "swiss"]
[EventRounds "9"]
[EventCountry "ESP"]
[Source "lmi"]
[SourceDate "2016.04.03"]

1. d4 Nf6 2. Bf4 d5 3. e3 e6 4. Nf3 Bd6 5. Bg3 O-O 6. Bd3 c5 7. c3 b6 8. Nbd2
Nc6 9. Ne5 Bb7 10. f4 Ne7 11. Qf3 Nf5 12. Bf2 cxd4 13. exd4 Be7 14. g4 Nd6 15.
h4 Nfe4 16. h5 Rc8 17. g5 f5 18. gxf6 Bxf6 19. Bxe4 dxe4 20. Qh3 e3 21. Qxe6+
Nf7 22. Rg1 exf2+ 23. Kxf2 Bxe5 24. fxe5 Bd5 25. Qf6 Ng5 26. Qxf8+ Qxf8+ 27.
Ke2 h6 28. Raf1 Qe8 0-1

[Event "16. Torneo San Viator"]
[Site "Madrid ESP"]
[Date "2016.04.17"]
[Round "3.17"]
[White "Lobato Rivero, Carlos"]
[Black "Sanchez Gomez, Emiliano"]
[Result "1-0"]
[WhiteElo "1963"]
[BlackElo "1800"]
[PlyCount "91"]
[EventDate "2016.04.03"]
[EventType "swiss"]
[EventRounds "9"]
[EventCountry "ESP"]
[Source "lmi"]
[SourceDate "2016.04.03"]

1. e4 c5 2. Nf3 a6 3. c3 d5 4. exd5 Nf6 5. c4 e6 6. dxe6 Bxe6 7. d4 cxd4 8.
Nxd4 Bc5 9. Be3 Bb4+ 10. Nd2 Bd7 11. Be2 Nc6 12. O-O O-O 13. Bf3 Rc8 14. Ne4
Re8 15. Nxc6 Bxc6 16. Qxd8 Rexd8 17. Nxf6+ gxf6 18. Bxc6 Rxc6 19. b3 Bf8 20.
Rad1 Rcd6 21. Rxd6 Rxd6 22. Bc5 Rd2 23. Bxf8 Kxf8 24. Ra1 Rb2 25. g3 Ke7 26.
Kg2 Kd6 27. Kf3 Kc5 28. Re1 Rxa2 29. Re7 b5 30. cxb5 axb5 31. Rxf7 Kb4 32. Rxh7
Kxb3 33. h4 b4 34. h5 Kb2 35. Ke4 b3 36. Rb7 Ka3 37. f4 Rh2 38. g4 Ka2 39. Kf5
b2 40. Kxf6 Rh3 41. Rxb2+ Kxb2 42. Kg6 Kc3 43. f5 Kd4 44. f6 Ke4 45. f7 Rf3 46.
Kg7 1-0

[Event "16. Torneo San Viator"]
[Site "Madrid ESP"]
[Date "2016.04.17"]
[Round "3.18"]
[White "Luque Ibanez, Manuel"]
[Black "Jimenez Gonzalez, Marcos"]
[Result "1/2-1/2"]
[WhiteElo "1961"]
[BlackElo "1788"]
[PlyCount "91"]
[EventDate "2016.04.03"]
[EventType "swiss"]
[EventRounds "9"]
[EventCountry "ESP"]
[Source "lmi"]
[SourceDate "2016.04.03"]

1. e4 c5 2. c3 d5 3. exd5 Qxd5 4. d4 g6 5. Be3 cxd4 6. cxd4 Bg7 7. Nc3 Qd8 8.
Nf3 Nf6 9. Bc4 O-O 10. O-O Nbd7 11. a3 Nb6 12. Ba2 Bg4 13. h3 Bxf3 14. Qxf3 Qd7
15. Rac1 Rac8 16. Rc2 Nbd5 17. Rfc1 Nxe3 18. fxe3 Rc7 19. Nd5 Rxc2 20. Rxc2 Ne8
21. Nb4 Nd6 22. Nd3 Qf5 23. Ne1 Qxf3 24. gxf3 Nf5 25. Kf2 Nd6 26. Rc7 Bf6 27.
Bd5 e6 28. Ba2 Rc8 29. Rxc8+ Nxc8 30. Ke2 Nd6 31. Kd3 Nf5 32. Nc2 Be7 33. e4
Nh4 34. Ne1 g5 35. d5 exd5 36. Bxd5 b6 37. Kc4 a5 38. Kb5 Bc5 39. b4 axb4 40.
axb4 Bg1 41. e5 Kf8 42. Kc6 Ng6 43. Nc2 Ne7+ 44. Kd6 Nf5+ 45. Kd7 Nd4 46. Be4
1/2-1/2

[Event "16. Torneo San Viator"]
[Site "Madrid ESP"]
[Date "2016.04.17"]
[Round "3.19"]
[White "Calvo De Castro, Miguel"]
[Black "Recuenco Andres, Javier"]
[Result "1/2-1/2"]
[WhiteElo "1759"]
[BlackElo "1944"]
[PlyCount "33"]
[EventDate "2016.04.03"]
[EventType "swiss"]
[EventRounds "9"]
[EventCountry "ESP"]
[Source "lmi"]
[SourceDate "2016.04.03"]

1. e4 d5 2. exd5 Nf6 3. c4 c6 4. d4 cxd5 5. Nc3 Nc6 6. Bg5 e6 7. Nf3 Be7 8. h3
h6 9. Bf4 dxc4 10. Bxc4 O-O 11. a3 a6 12. O-O b5 13. Ba2 b4 14. axb4 Nxb4 15.
Bb1 Bb7 16. Ne5 Rc8 17. Be3 1/2-1/2

[Event "16. Torneo San Viator"]
[Site "Madrid ESP"]
[Date "2016.04.17"]
[Round "3.21"]
[White "Marin Aso, Jose Luis"]
[Black "Martin Diaz, Juan"]
[Result "0-1"]
[WhiteElo "1881"]
[BlackElo "1678"]
[PlyCount "76"]
[EventDate "2016.04.03"]
[EventType "swiss"]
[EventRounds "9"]
[EventCountry "ESP"]
[Source "lmi"]
[SourceDate "2016.04.03"]

1. e4 c5 2. Nc3 Nc6 3. f4 g6 4. Nf3 Bg7 5. Bb5 Nd4 6. O-O a6 7. Bd3 e6 8. Nxd4
cxd4 9. Ne2 Ne7 10. c3 dxc3 11. bxc3 d6 12. a4 O-O 13. Rb1 Qc7 14. Ba3 Re8 15.
Ng3 Bd7 16. f5 exf5 17. exf5 Nd5 18. fxg6 hxg6 19. Qb3 Be6 20. Qxb7 Qa5 21.
Bxd6 Red8 22. c4 Nf6 23. Be2 Qxd2 24. Be7 Qe3+ 25. Kh1 Rdb8 26. Qxb8+ Rxb8 27.
Rxb8+ Kh7 28. Bxf6 Bxf6 29. Rbb1 Bh4 30. Rf3 Qc5 31. Rbf1 Kg7 32. Ne4 Qa5 33.
Nd6 f5 34. c5 Qxc5 35. Rd1 Qc2 36. Re3 Bb3 37. Ne8+ Kf8 38. Nd6 Bxa4 0-1

[Event "16. Torneo San Viator"]
[Site "Madrid ESP"]
[Date "2016.04.17"]
[Round "3.22"]
[White "Uceda Martinez, Jacinto"]
[Black "Sotoca Aguado, Jose"]
[Result "1-0"]
[WhiteElo "1755"]
[BlackElo "1873"]
[PlyCount "131"]
[EventDate "2016.04.03"]
[EventType "swiss"]
[EventRounds "9"]
[EventCountry "ESP"]
[Source "lmi"]
[SourceDate "2016.04.03"]

1. d4 Nf6 2. c4 e6 3. Nf3 Bb4+ 4. Bd2 Qe7 5. a3 Bxd2+ 6. Nbxd2 d5 7. e3 O-O 8.
Be2 b6 9. O-O Bb7 10. Rc1 c6 11. b4 Nbd7 12. cxd5 exd5 13. Qa4 Rfc8 14. Bd3 a5
15. Qb3 axb4 16. axb4 Ra7 17. Ra1 Rca8 18. Rxa7 Rxa7 19. Rc1 b5 20. Bf5 Ra5 21.
Rb1 g6 22. Bxd7 Nxd7 23. Qc3 Nb6 24. Ne5 Nc4 25. Nd3 Ra3 26. Qc2 Bc8 27. Nxc4
dxc4 28. Ne5 Qd6 29. Qc1 Ra4 30. h3 f6 31. Nf3 Be6 32. Qe1 Ra3 33. Qc1 Ra2 34.
Rb2 Ra3 35. e4 Rb3 36. e5 fxe5 37. dxe5 Qxb4 38. Rxb3 Qxb3 39. Qg5 Qd1+ 40. Kh2
Qd3 41. Qe7 Qd7 42. Qh4 c3 43. Ng5 c2 44. Ne4 Qf7 45. Nf6+ Kh8 46. Qh6 b4 47.
Qd2 Qc7 48. g3 b3 49. Qb4 Qf7 50. Qc3 Qa7 51. Ne4 Qf7 52. f4 Qd7 53. Qc5 Kg7
54. Qc3 Qd1 55. Qc5 Qe2+ 56. Nf2 Kf7 57. Qa7+ Ke8 58. Qb8+ Ke7 59. Qd6+ Kf7 60.
Qc7+ Kg8 61. Qd8+ Kg7 62. Qf6+ Kh6 63. Qg5+ Kg7 64. Qf6+ Kh6 65. Qf8+ Kh5 66.
g4+ 1-0

[Event "16. Torneo San Viator"]
[Site "Madrid ESP"]
[Date "2016.04.17"]
[Round "3.23"]
[White "Romero Alfonso, Carlos"]
[Black "Rodriguez Camarillo, Diana"]
[Result "1/2-1/2"]
[WhiteElo "1870"]
[BlackElo "1676"]
[PlyCount "153"]
[EventDate "2016.04.03"]
[EventType "swiss"]
[EventRounds "9"]
[EventCountry "ESP"]
[Source "lmi"]
[SourceDate "2016.04.03"]

1. e4 e6 2. d4 d5 3. Nd2 dxe4 4. Nxe4 Nf6 5. Ng3 Be7 6. Nf3 O-O 7. Bd3 c5 8. c3
cxd4 9. cxd4 b6 10. O-O Bb7 11. Ne5 Nc6 12. Nxc6 Bxc6 13. Be3 Qd5 14. f3 Rfd8
15. Rc1 Rac8 16. Bb1 h6 17. Ne4 Nxe4 18. fxe4 Qd7 19. Qg4 Bg5 20. Bxg5 Qxd4+
21. Rf2 hxg5 22. Rcf1 Bb5 23. Re1 Qb4 24. Rd1 Rxd1+ 25. Qxd1 e5 26. h3 Qc5 27.
Qf3 Qc1+ 28. Kh2 Qf4+ 29. Qxf4 gxf4 30. Bc2 Rd8 31. Bb3 Bc6 32. g3 fxg3+ 33.
Kxg3 Rd7 34. Rf5 Re7 35. Kf2 Kf8 36. Ke3 f6 37. Rh5 Ke8 38. Rh8+ Kd7 39. h4 Kc7
40. Rg8 Rd7 41. Be6 Re7 42. Bb3 Kd6 43. Rd8+ Rd7 44. Rc8 Rc7 45. Rh8 Re7 46.
Rh7 Bd7 47. h5 Be6 48. Bd5 Rf7 49. a3 Re7 50. h6 gxh6 51. Rxh6 Bxd5 52. exd5
Kxd5 53. Rxf6 Kc4 54. Rf2 Kb3 55. Ke4 b5 56. Rd2 a6 57. Rd6 Ra7 58. Rd2 Re7 59.
Rd6 Ra7 60. Rd2 a5 61. Kxe5 b4 62. axb4 axb4 63. Kd6 Ra5 64. Rh2 Ka2 65. Kc6 b3
66. Kb6 Re5 67. Rg2 Kb1 68. Kc6 Kc1 69. Rh2 Ra5 70. Kb6 Ra2 71. Kb5 Rxb2 72.
Rh1+ Kc2 73. Kc4 Ra2 74. Rh2+ Kb1 75. Rh1+ Kb2 76. Kb4 Ra8 77. Rh2+ 1/2-1/2

[Event "16. Torneo San Viator"]
[Site "Madrid ESP"]
[Date "2016.04.17"]
[Round "3.24"]
[White "Vicente Valentin, David"]
[Black "Garcia Sanjuan, Jose"]
[Result "0-1"]
[WhiteElo "1399"]
[BlackElo "1864"]
[PlyCount "38"]
[EventDate "2016.04.03"]
[EventType "swiss"]
[EventRounds "9"]
[EventCountry "ESP"]
[Source "lmi"]
[SourceDate "2016.04.03"]

1. e4 b6 2. d4 Bb7 3. Nc3 e6 4. Nf3 Bb4 5. e5 Ne7 6. Bd3 Nd5 7. Bd2 h6 8. a3
Bxc3 9. bxc3 g5 10. O-O g4 11. Ne1 h5 12. Bg5 Qxg5 13. f3 Nxc3 14. Qc1 Qxc1 15.
Rxc1 Nc6 16. fxg4 hxg4 17. g3 Nxd4 18. Rf2 O-O-O 19. Ng2 Nf3+ 0-1

[Event "16. Torneo San Viator"]
[Site "Madrid ESP"]
[Date "2016.04.17"]
[Round "3.25"]
[White "Yeves Miquel, Enrique"]
[Black "Strejoiv, Christian Ionut"]
[Result "1-0"]
[WhiteElo "1864"]
[BlackElo "1139"]
[PlyCount "55"]
[EventDate "2016.04.03"]
[EventType "swiss"]
[EventRounds "9"]
[EventCountry "ESP"]
[Source "lmi"]
[SourceDate "2016.04.03"]

1. d4 e6 2. c4 d5 3. Nc3 Nf6 4. cxd5 exd5 5. Bg5 Be7 6. e3 O-O 7. Bd3 Ne4 8.
Bxe7 Qxe7 9. Nxd5 Qd7 10. Bxe4 Re8 11. Bf3 c6 12. Nc3 Na6 13. Nge2 Qe6 14. O-O
Bd7 15. d5 Qh6 16. dxc6 Bxc6 17. Bxc6 Qxc6 18. Nd4 Qg6 19. Qf3 Nc5 20. Nd5 Rac8
21. Rac1 b6 22. b4 Qd6 23. bxc5 Rxc5 24. Rxc5 bxc5 25. Nf5 Qe5 26. Nfe7+ Rxe7
27. Nxe7+ Qxe7 28. Qa8+ 1-0

[Event "16. Torneo San Viator"]
[Site "Madrid ESP"]
[Date "2016.04.17"]
[Round "3.26"]
[White "Villacorta Nicolas, David"]
[Black "De Juan Rivas, Antonio"]
[Result "1-0"]
[WhiteElo "1976"]
[BlackElo "1667"]
[PlyCount "53"]
[EventDate "2016.04.03"]
[EventType "swiss"]
[EventRounds "9"]
[EventCountry "ESP"]
[Source "lmi"]
[SourceDate "2016.04.03"]

1. e4 e6 2. d4 d5 3. Nc3 Bb4 4. e5 c5 5. a3 Bxc3+ 6. bxc3 Qc7 7. Bd2 Nc6 8. Nf3
cxd4 9. cxd4 Nge7 10. Bd3 Nf5 11. Bxf5 exf5 12. O-O Be6 13. Rb1 h6 14. h4 f6
15. exf6 gxf6 16. Re1 Qf7 17. Qe2 Nd8 18. Bb4 b6 19. c4 Qd7 20. Ne5 fxe5 21.
Qxe5 Rh7 22. cxd5 Kf7 23. dxe6+ Qxe6 24. Qc7+ Kg8 25. Qxd8+ Rxd8 26. Rxe6 Rxd4
27. Rc1 1-0

[Event "16. Torneo San Viator"]
[Site "Madrid ESP"]
[Date "2016.04.17"]
[Round "3.27"]
[White "Fernandez Rios, Jose Francisco"]
[Black "Cervino Rossel, Cristobal"]
[Result "1/2-1/2"]
[WhiteElo "1812"]
[BlackElo "2121"]
[PlyCount "91"]
[EventDate "2016.04.03"]
[EventType "swiss"]
[EventRounds "9"]
[EventCountry "ESP"]
[Source "lmi"]
[SourceDate "2016.04.03"]

1. d4 Nf6 2. c4 e6 3. Nf3 b6 4. e3 Bb7 5. Bd3 Bb4+ 6. Nbd2 O-O 7. O-O Bxd2 8.
Nxd2 c5 9. b3 d6 10. Bb2 Nbd7 11. Qc2 Qe7 12. Ne4 h6 13. Rad1 Kh8 14. Rfe1 Rac8
15. dxc5 dxc5 16. Nxf6 Nxf6 17. Rd2 Rcd8 18. Red1 Rd7 19. Bf1 Rxd2 20. Qxd2 e5
21. Qd6 Re8 22. f4 Ng4 23. Qxe7 Rxe7 24. Rd8+ Kh7 25. Bd3+ e4 26. Be2 Nxe3 27.
Kf2 Nf5 28. Bg4 Nd4 29. Bxd4 cxd4 30. Rxd4 g6 31. Ke3 f5 32. Be2 Bc8 33. h4 Be6
34. a3 Kg7 35. Rd8 Rc7 36. Kd4 Kf6 37. b4 h5 38. Kc3 Bxc4 39. Bxc4 b5 40. Rd6+
Kg7 41. Rd4 Rxc4+ 42. Rxc4 bxc4 43. Kxc4 Kf7 44. a4 Ke7 45. Kd4 Kd6 46. Kc4
1/2-1/2

[Event "16. Torneo San Viator"]
[Site "Madrid ESP"]
[Date "2016.04.17"]
[Round "3.28"]
[White "Lopez Ziegler, Carlos"]
[Black "Mendez Martinez, Miguel Angel"]
[Result "0-1"]
[WhiteElo "1953"]
[BlackElo "1802"]
[PlyCount "81"]
[EventDate "2016.04.03"]
[EventType "swiss"]
[EventRounds "9"]
[EventCountry "ESP"]
[Source "lmi"]
[SourceDate "2016.04.03"]

1. e4 e6 2. d4 d5 3. Nd2 Nf6 4. e5 Nfd7 5. Bd3 c5 6. c3 Nc6 7. Ne2 Qb6 8. O-O
cxd4 9. cxd4 Nxd4 10. Nxd4 Qxd4 11. Nf3 Qb6 12. Qa4 Bc5 13. a3 a6 14. Qg4 g6
15. b4 Be7 16. Be3 Qd8 17. Rfc1 h5 18. Qf4 g5 19. Qg3 g4 20. Nd4 Bg5 21. f4 Bh4
22. Bf2 Bxg3 23. hxg3 Nb6 24. a4 Bd7 25. f5 O-O 26. Ne2 d4 27. Nf4 Qg5 28. Bxd4
Nd5 29. Nxd5 exd5 30. Rf1 Rac8 31. Rf4 Rc7 32. Raf1 Rfc8 33. e6 Be8 34. Kh2 Rc1
35. R1f2 h4 36. Be2 hxg3+ 37. Kxg3 R8c3+ 38. Bxc3 Rxc3+ 39. Kh2 g3+ 40. Kg1
gxf2+ 41. Rxf2 0-1

[Event "16. Torneo San Viator"]
[Site "Madrid ESP"]
[Date "2016.04.17"]
[Round "3.29"]
[White "Soderstrom, Henrik"]
[Black "Munoz Cebey, Ricardo"]
[Result "1-0"]
[WhiteElo "1862"]
[BlackElo "1751"]
[PlyCount "83"]
[EventDate "2016.04.03"]
[EventType "swiss"]
[EventRounds "9"]
[EventCountry "ESP"]
[Source "lmi"]
[SourceDate "2016.04.03"]

1. e4 c6 2. Nc3 d5 3. Nf3 Bg4 4. h3 Bxf3 5. Qxf3 e6 6. d4 Nf6 7. e5 Nfd7 8. Qg3
c5 9. Nb5 cxd4 10. Nxd4 Nc6 11. Nxc6 bxc6 12. Bd3 Qc7 13. Bf4 Rb8 14. O-O g6
15. Rab1 Bg7 16. Rfe1 O-O 17. Qe3 Qb6 18. Qd2 Rfe8 19. c4 Qb4 20. Qc1 Rbc8 21.
a3 Qe7 22. b4 Nb6 23. c5 Nd7 24. Qe3 f6 25. exf6 Qxf6 26. Kh1 e5 27. Bg5 Qf8
28. Qd2 Re6 29. f4 e4 30. Bxe4 dxe4 31. Qxd7 Qe8 32. Rbd1 Bf6 33. Bxf6 Rxf6 34.
g3 Rf7 35. Qxe8+ Rxe8 36. Rd6 Rc7 37. Kg2 Kf7 38. g4 a6 39. Kf2 Ree7 40. Ke3
Red7 41. Red1 Ke7 42. R1d4 1-0

[Event "16. Torneo San Viator"]
[Site "Madrid ESP"]
[Date "2016.04.17"]
[Round "3.30"]
[White "Bartolome Martin, Angel"]
[Black "Lopez Ziegler, Juan Jose"]
[Result "1-0"]
[WhiteElo "1842"]
[BlackElo "1609"]
[PlyCount "93"]
[EventDate "2016.04.03"]
[EventType "swiss"]
[EventRounds "9"]
[EventCountry "ESP"]
[Source "lmi"]
[SourceDate "2016.04.03"]

1. d4 Nf6 2. c4 e6 3. Nf3 Bb4+ 4. Nbd2 O-O 5. a3 Be7 6. e4 d6 7. Be2 Nbd7 8.
O-O e5 9. Qc2 c6 10. b4 Qc7 11. Bb2 Re8 12. Rac1 Bf8 13. dxe5 Nxe5 14. Nxe5
dxe5 15. c5 g6 16. Rfd1 Bh6 17. Nc4 Bxc1 18. Bxc1 Rd8 19. Nd6 Ne8 20. Bg5 Rxd6
21. cxd6 Nxd6 22. Qd3 h6 23. Bf6 Ne8 24. Qd8 Kf8 25. Qxc7 Nxc7 26. Rd8+ Ne8 27.
Bg4 Bxg4 28. Rxa8 Bd7 29. Bxe5 Ke7 30. Rxa7 f6 31. Bg3 Bc8 32. f3 Kd7 33. Ra5
Nc7 34. Bxc7 Kxc7 35. e5 f5 36. f4 Kb8 37. Rc5 Be6 38. Kf2 Kc7 39. Ke3 b6 40.
Rc3 Bd5 41. g3 Kb7 42. Rd3 Kc7 43. Rxd5 cxd5 44. Kd4 Kc6 45. a4 g5 46. b5+ Kd7
47. Kxd5 1-0